Loading...
| Mythology | 0 | 5 | 0 | 0 | 50 | 32 | 48.40 | 2 | 4 |
| History - American History | 0 | 4 | 0 | 1 | 40 | 88 | 102.25 | 0 | 1 |
| Science - Physics | 0 | 4 | 1 | 0 | 35 | 67 | 97.00 | 0 | 3 |
| Science - Other Science | 0 | 4 | 1 | 0 | 35 | 79 | 86.25 | 1 | 2 |
| History - Other History | 0 | 3 | 0 | 1 | 30 | 64 | 89.00 | 0 | 1 |
| History - World History | 0 | 3 | 0 | 1 | 30 | 82 | 101.33 | 0 | 2 |
| Science - Chemistry | 0 | 2 | 0 | 0 | 20 | 74 | 85.50 | 0 | 0 |
| Philosophy | 0 | 2 | 0 | 0 | 20 | 100 | 110.50 | 0 | 0 |
| Religion | 0 | 2 | 0 | 0 | 20 | 101 | 118.50 | 0 | 0 |
| History - European History | 0 | 2 | 1 | 0 | 15 | 94 | 103.50 | 0 | 0 |
| Science - Biology | 0 | 1 | 0 | 0 | 10 | 108 | 108.00 | 0 | 0 |
| Literature - World/Other Literature | 0 | 1 | 0 | 0 | 10 | 142 | 142.00 | 0 | 0 |
| Literature - American Literature | 0 | 1 | 0 | 0 | 10 | 113 | 113.00 | 0 | 0 |
| Social Science | 0 | 1 | 1 | 0 | 5 | 126 | 126.00 | 0 | 0 |
| Other Academic | 0 | 1 | 1 | 0 | 5 | 97 | 97.00 | 0 | 0 |
| Geography/Current Events | 0 | 0 | 1 | 0 | -5 | 0.00 | 0 | 0 |